| 000 | 00357 a2200133 4500 | ||
|---|---|---|---|
| 082 | _a370.95491 | ||
| 090 |
_c1323 _d1323 |
||
| 100 | _aQuddus, Naseem Jaffer | ||
| 245 |
_aProblems of Education in Pakistan _cNaseem Jaffer Quddus |
||
| 260 |
_aKarachi _bRoyal book Company _c1990 |
||
| 300 | _a380p | ||
| 500 | _aHard cover | ||
| 942 |
_aNBS _cBK _k370.95491 QUD |
||
| 999 |
_c343845 _d343845 |
||